Microbes in action: a laboratory manual of microbiology

Gardado en:
Detalles Bibliográficos
Main Authors: Seeley, Harry W (Author), Van Demark, Paul J (Author)
Formato: Libro
Idioma:inglés
Publicado: San Francisco W.H. Freeman 1981
Edición:3a. ed
Subjects:
Tags: Engadir etiqueta
Sen Etiquetas, Sexa o primeiro en etiquetar este rexistro!

MARC

LEADER 00000nam a2200000 a 4500
001 UCX9727
003 CL-VaPUC
008 940623e19810000US |||||||||||||||||eng|d
082 0 4 |a 576  |b SEE  |2 21 
100 0 |a Seeley, Harry W  |e author  |9 327196 
700 0 |a Van Demark, Paul J  |e author  |9 327197 
245 1 0 |a Microbes in action: a laboratory manual of microbiology 
250 |a 3a. ed 
300 |a 385 p 
942 |c BK 
945 |d 19940623 00:00:00  |a mfernand 
260 |a San Francisco  |b W.H. Freeman  |c 1981 
650 0 |a Microbiología   |9 259706 
650 7 |a MANUALES DE LABORATORIOS  |2 CL-VaPUC  |9 327198 
583 |a last modification  |c 19940623 00:00:00  |k Rodrigo Vera 
999 |c 228888  |d 228886 
952 |0 0  |1 0  |4 0  |6 576_000000000000000_SEE_1981  |7 0  |8 A  |9 229372  |a BIBALI  |b BIBALI  |c GEN  |d 2019-11-15  |i 2989646  |o 576 SEE 1981  |p 2989646  |r 2025-01-20  |w 2019-11-15  |y BK  |k ALI